[Event "Batman and Robin Memorial"]
[Site "SchemingMind.com"]
[Date "2021.03.28"]
[Round "-"]
[White "MrTowPath"]
[Black "David Connolly"]
[Result "1-0"]
[WhiteCountry "ENG"]
[BlackCountry "WLS"]
[WhiteElo "2045"]
[WhiteRD "130"]
[BlackElo "1983"]
[BlackRD "64"]
[GameID "709968"]

1. c4 e5 2. Nc3 Nc6 3. e3 Nf6 4. Nf3 Bb4 5. Qc2 Bxc3 6. bxc3 O-O 7. e4 d6 8. g3 h6 9. d3 Be6 10. Rb1 Nd7
11. Bg2 f5 12. exf5 Bxf5 13. Nh4 Bh7 14. Be3 Nb6 15. O-O Qe7 16. Qe2 Rae8 17. Rfe1 Kh8 18. a4 Rf7 19. Rb5 Rf6 20. a5 a6
21. Rb2 Nxa5 22. Bxb6 cxb6 23. Be4 Qc7 24. Bxh7 Kxh7 25. Reb1 d5 26. cxd5 Qxc3 27. Rxb6 Ref8 28. Qe4+ Kg8 29. Rxf6 Rxf6 30. Nf5
1-0

[Event "Batman and Robin Memorial"]
[Site "SchemingMind.com"]
[Date "2021.03.28"]
[Round "-"]
[White "David Connolly"]
[Black "MrTowPath"]
[Result "0-1"]
[WhiteCountry "WLS"]
[BlackCountry "ENG"]
[WhiteElo "1983"]
[WhiteRD "64"]
[BlackElo "2045"]
[BlackRD "130"]
[GameID "709969"]

1. d4 d6 2. Nf3 Nf6 3. c4 Nbd7 4. Nc3 e5 5. e4 Be7 6. Be2 O-O 7. O-O c6 8. Re1 a6 9. Bf1 b5 10. a3 Qc7
11. Bg5 Bb7 12. Rc1 Qb8 13. h3 Re8 14. Qc2 h6 15. Be3 Bf8 16. Rcd1 exd4 17. Bxd4 Ne5 18. Nd2 Nfd7 19. Be3 Nf6 20. Kh1 Qc7
21. Bd4 Rac8 22. Rc1 bxc4 23. Nxc4 c5 24. Bxe5 dxe5 25. Ne3 Red8 26. Rcd1 Rd4 27. Bc4 g6 28. Ned5 Nxd5 29. Nxd5 Qd8 30. Qb3 Rb8
31. Qf3 Kg7 32. Qg3 Bd6 33. b3 h5 34. Rc1 Bc6 35. Rc3 a5 36. Rf3 Bxd5 37. Bxd5 Rxd5
0-1

[Event "Batman and Robin Memorial"]
[Site "SchemingMind.com"]
[Date "2021.04.01"]
[Round "-"]
[White "Goz"]
[Black "MrTowPath"]
[Result "0-1"]
[WhiteCountry "ENG"]
[BlackCountry "ENG"]
[WhiteElo "1481"]
[WhiteRD "70"]
[BlackElo "2045"]
[BlackRD "130"]
[GameID "710044"]

1. d4 d5 2. e3 Nf6 3. c4 e6 4. c5 Be7 5. Bd3 O-O 6. Ne2 Nc6 7. a3 e5 8. O-O e4 9. Bc2 b6 10. b4 a5
11. Bd2 axb4 12. a4 bxc5 13. dxc5 Bxc5 14. Bc1 Na5 15. Nd2 Ba6 16. Nb3 Bb6 17. Re1 c5 18. Bd2 Qd6 19. Nf4 Rac8 20. Nxa5 Bxa5
21. Ne2 Ng4 22. Nf4 Ne5 23. Kh1 c4 24. h3 Nd3 25. Bxd3 exd3 26. Qg4 c3 27. Nh5 Qg6 28. Nf4 Qxg4 29. hxg4 cxd2 30. Red1 Rfd8
31. Rxd2 b3 32. Nxd3 Bxd2 33. Rd1 Bxd3 34. Rxd2 Bc2 35. a5 b2
0-1

[Event "Batman and Robin Memorial"]
[Site "SchemingMind.com"]
[Date "2021.04.02"]
[Round "-"]
[White "MrTowPath"]
[Black "Goz"]
[Result "1-0"]
[WhiteCountry "ENG"]
[BlackCountry "ENG"]
[WhiteElo "2045"]
[WhiteRD "130"]
[BlackElo "1481"]
[BlackRD "70"]
[GameID "710045"]

1. c4 e5 2. Nc3 f5 3. d4 e4 4. Bf4 Bb4 5. Rc1 Nc6 6. e3 Bxc3+ 7. Rxc3 d6 8. Be2 Bd7 9. Bh5+ g6 10. Be2 Qe7
11. c5 O-O-O 12. cxd6 cxd6 13. d5 Kb8 14. dxc6 Bxc6 15. Bc4 Ka8 16. Ne2 d5 17. Bb3 Nf6 18. Nd4 Rc8 19. Nxc6 bxc6 20. h3 Nh5
21. Bh2 Qf7 22. O-O g5 23. Qd4 f4 24. Rxc6 Rxc6 25. Bxd5 Rc8 26. Bxf7 Kb7 27. Bxh5
1-0

[Event "Batman and Robin Memorial"]
[Site "SchemingMind.com"]
[Date "2021.03.30"]
[Round "-"]
[White "Goz"]
[Black "David Connolly"]
[Result "0-1"]
[WhiteCountry "ENG"]
[BlackCountry "WLS"]
[WhiteElo "1481"]
[WhiteRD "70"]
[BlackElo "1983"]
[BlackRD "64"]
[GameID "710046"]

1. d4 g6 2. e4 Bg7 3. c3 d6 4. Bd3 Nf6 5. Bg5 O-O 6. Bxf6 Bxf6 7. Nf3 Nd7 8. O-O e5 9. d5 Bg7 10. b4 f5
11. a4 f4 12. c4 g5 13. h3 h5 14. Nh2 g4 15. hxg4 hxg4 16. Nxg4 Qg5 17. f3 a5 18. Nd2 axb4 19. Nb3 Nf6 20. Nxf6+ Rxf6
21. Kf2 Rh6 22. Rh1 Qg3+ 23. Kg1 Rxh1+ 24. Kxh1 Kf7 25. Qg1 Bg4 26. Qh2 Rh8 27. Qxh8 Bxh8 28. Na5 Bxf3 29. Bf1 Bxe4 30. Nxb7 b3
31. a5 b2 32. Rb1 Bxb1 33. a6 Be4 34. a7 Bxg2+
0-1

[Event "Batman and Robin Memorial"]
[Site "SchemingMind.com"]
[Date "2021.03.30"]
[Round "-"]
[White "David Connolly"]
[Black "Goz"]
[Result "1-0"]
[WhiteCountry "WLS"]
[BlackCountry "ENG"]
[WhiteElo "2024"]
[WhiteRD "68"]
[BlackElo "1482"]
[BlackRD "72"]
[GameID "710047"]

1. d4 g6 2. c4 Bg7 3. Nf3 Nf6 4. Nc3 O-O 5. e4 d6 6. Be2 Bg4 7. Be3 Bxf3 8. Bxf3 Nfd7 9. h4 b6 10. h5 c6
11. Qd2 a5 12. Bh6 Nf6 13. hxg6 fxg6 14. e5 dxe5 15. Bxg7 Kxg7 16. Qh6+ Kh8 17. dxe5 Ng8 18. Qxh7#
1-0

[Event "Batman and Robin Memorial"]
[Site "SchemingMind.com"]
[Date "2021.03.31"]
[Round "-"]
[White "Goz"]
[Black "Chessibelle"]
[Result "1-0"]
[WhiteCountry "ENG"]
[BlackCountry "ENG"]
[WhiteElo "1486"]
[WhiteRD "72"]
[BlackElo "1141"]
[BlackRD "61"]
[GameID "710053"]

1. d4 d5 2. e3 Nf6 3. h3 g6 4. c4 e6 5. c5 Bd7 6. Nf3 Be7 7. Be2 O-O 8. O-O Nc6 9. a3 b6 10. b4 a5
11. b5 Nh5 12. bxc6 Bxc6 13. cxb6 cxb6 14. Ne5 Bb7 15. Qa4 Bd6 16. Bxh5 Bc8 17. Be2 Qf6 18. f4 Qf5 19. Nd2 Bb7 20. Nd7 Rfe8
21. Nxb6 Rad8 22. Qxa5 Qf6 23. Qa7 Bc6 24. Qa6 Rb8 25. Nxd5 Bxd5 26. Qxd6 Qh4 27. Bf3 Red8 28. Qa6 Qg3 29. e4 Bb7 30. Qa4 Qxf4
31. Nb3 Qg3 32. Nc5 Ba8 33. Be3 h5 34. Bf2 Qg5 35. Rfd1 f5 36. Nxe6 Qh6 37. Nxd8 Rxd8 38. d5 g5 39. exf5 Bb7 40. Be4 g4
41. Qa7 Bc8 42. Bg3 Bd7 43. Rab1 h4 44. Be5 Kf7 45. hxg4 Qg5 46. Bf3 Qh6 47. Kh2 Ke7 48. d6+ Ke8 49. a4 Kf7 50. a5 h3
51. a6 Ke8 52. Rb8 Rc8 53. Rxc8+
1-0

[Event "Batman and Robin Memorial"]
[Site "SchemingMind.com"]
[Date "2021.03.31"]
[Round "-"]
[White "Chessibelle"]
[Black "Goz"]
[Result "0-1"]
[WhiteCountry "ENG"]
[BlackCountry "ENG"]
[WhiteElo "1111"]
[WhiteRD "58"]
[BlackElo "1481"]
[BlackRD "70"]
[GameID "710054"]

1. Nf3 d5 2. d4 h6 3. g3 e6 4. Bd2 Nf6 5. e3 Bd6 6. Nc3 a6 7. Be2 Nc6 8. O-O Qe7 9. a3 O-O 10. Bd3 e5
11. Re1 e4 12. Be2 exf3 13. Bxf3 Be6 14. Ne2 Bh3 15. Nf4 Bxf4 16. exf4 Qd7 17. c3 Rfe8 18. Qc2 g6 19. Be2 Ne4 20. Bc1 Re7
21. f3 Nf6 22. Kf2 Rae8 23. Bd2 b5 24. b4 Nh7 25. g4 h5 26. f5 hxg4 27. f4 Nf6 28. fxg6 Ne4+ 29. Kg1 f5 30. Qd3 Kg7
31. Bd1 Kxg6 32. Bc2 Re6 33. Bd1 Nxd2 34. Qxd2 Rxe1+ 35. Kf2 Rh1 36. Kg3 Ree1 37. Qf2 Rxd1 38. Ra2 Rd3+
0-1

[Event "Batman and Robin Memorial"]
[Site "SchemingMind.com"]
[Date "2021.04.01"]
[Round "-"]
[White "Chessibelle"]
[Black "MrTowPath"]
[Result "0-1"]
[WhiteCountry "ENG"]
[BlackCountry "ENG"]
[WhiteElo "1109"]
[WhiteRD "59"]
[BlackElo "1914"]
[BlackRD "151"]
[GameID "710055"]

1. Nf3 d5 2. d4 e6 3. Bd2 Nf6 4. h3 c5 5. Nc3 Nc6 6. g4 cxd4 7. Nb1 Be7 8. Bg2 O-O 9. O-O Qb6 10. b3 Bd7
11. Bc1 Ne4 12. e3 Bf6 13. Nbd2 Nxf2 14. Rxf2 dxe3 15. Re2 exd2+ 16. Kh1 dxc1=Q 17. Rxc1 Rfd8 18. Ng1 Rac8 19. Bf3 Nd4 20. Re1 Nxf3
21. Nxf3 Rc3 22. Ng1 Bc6 23. Ne2 Rxh3+ 24. Kg2 Qe3 25. Kf1 Qf3+ 26. Kg1 Rh1#
0-1

[Event "Batman and Robin Memorial"]
[Site "SchemingMind.com"]
[Date "2021.04.01"]
[Round "-"]
[White "MrTowPath"]
[Black "Chessibelle"]
[Result "1-0"]
[WhiteCountry "ENG"]
[BlackCountry "ENG"]
[WhiteElo "1914"]
[WhiteRD "151"]
[BlackElo "1109"]
[BlackRD "59"]
[GameID "710056"]

1. c4 e5 2. Nc3 d6 3. d4 Nc6 4. d5 Nce7 5. e4 Nf6 6. f3 g6 7. Be3 Bg7 8. Qd2 O-O 9. Bd3 b6 10. Nge2 Bb7
11. O-O-O c6 12. g4 a6 13. Ng3 c5 14. h4 h5 15. gxh5 Nxh5 16. Nxh5 Bh8 17. Rdg1 b5 18. Ng3 a5 19. Nxb5 f6 20. Nf5 Kf7
21. Nbxd6+ Kg8 22. Nxb7 Qd7 23. Nxc5 Qc8 24. Nxe7+
1-0

[Event "Batman and Robin Memorial"]
[Site "SchemingMind.com"]
[Date "2021.03.31"]
[Round "-"]
[White "Chessibelle"]
[Black "David Connolly"]
[Result "0-1"]
[WhiteCountry "ENG"]
[BlackCountry "WLS"]
[WhiteElo "1109"]
[WhiteRD "59"]
[BlackElo "2024"]
[BlackRD "68"]
[GameID "710057"]

1. Nf3 g6 2. d4 d6 3. e3 a6 4. Be2 Bg7 5. b3 c5 6. g3 e6 7. Nc3 cxd4 8. Nxd4 Nc6 9. a3 Nge7 10. Bf3 Qc7
11. O-O Nxd4 12. exd4 Qxc3 13. Bd2 Qxd4 14. c3 Qb6 15. b4 Bd7 16. Be3 Qc7 17. Ra2 Bc6 18. Rc2 Bxf3 19. Qxf3 O-O 20. Rfc1 Qc6
21. Qe2 d5 22. Bc5 Rfe8 23. f4 b5 24. Qg4 Qc7 25. Qh3 Nf5 26. Rf1 Nd6 27. g4 Ne4 28. Bf2 Nxf2 29. Rfxf2 Rac8 30. Rf3 d4
31. f5 exf5 32. g5 dxc3 33. Kg2 Qc4 34. Qg3 Re2+ 35. Kh3 Rxc2 36. Qd6 Qg4#
0-1

[Event "Batman and Robin Memorial"]
[Site "SchemingMind.com"]
[Date "2021.03.31"]
[Round "-"]
[White "David Connolly"]
[Black "Chessibelle"]
[Result "1-0"]
[WhiteCountry "WLS"]
[BlackCountry "ENG"]
[WhiteElo "2024"]
[WhiteRD "68"]
[BlackElo "1109"]
[BlackRD "59"]
[GameID "710058"]

1. d4 d5 2. c4 Nf6 3. cxd5 Nxd5 4. Nf3 e6 5. e4 Nf6 6. Nc3 b6 7. Bd3 g6 8. Bg5 Be7 9. e5 Nfd7 10. h4 f6
11. exf6 Nxf6 12. Bxf6 Bxf6 13. Be4 c6 14. h5 g5 15. Qd3 a5 16. Bxh7 Kd7 17. Ne5+ Kc7 18. Nf7 Qe7 19. Nxh8 Bxh8 20. Be4 Nd7
21. Bxc6 Kxc6 22. Qe4+ Kd6 23. Nb5#
1-0

[Event "Batman and Robin Memorial"]
[Site "SchemingMind.com"]
[Date "2021.03.31"]
[Round "-"]
[White "Goz"]
[Black "kenneth m day"]
[Result "0-1"]
[WhiteCountry "ENG"]
[BlackCountry "USA"]
[WhiteElo "1486"]
[WhiteRD "72"]
[BlackElo "1640"]
[BlackRD "53"]
[GameID "710070"]

1. d4 Nf6 2. c4 d6 3. h3 g6 4. Nc3 Bg7 5. e3 O-O 6. Bd3 Nc6 7. a3 Re8 8. Nge2 b6 9. O-O Bb7 10. d5 Ne5
11. Ng3 c6 12. f4 Nxd3 13. Qxd3 cxd5 14. cxd5 Rc8 15. Bd2 e6 16. dxe6 fxe6 17. e4 Re7 18. a4 Rd7 19. Qe2 e5 20. f5 d5
21. exd5 Nxd5 22. fxg6 hxg6 23. Nge4 Qh4 24. Bg5 Qh5 25. Qxh5 gxh5 26. Rf5 Rf8 27. g4 hxg4 28. hxg4 Nb4 29. Raf1 Rxf5 30. gxf5 Nd3
31. f6 Bf8 32. Rf5 Kf7 33. Kh2 Kg6 34. Ng3 Bc8 35. Nce4 Rh7+ 36. Kg2 Bxf5 37. Nxf5 Kxf5 38. Kf3 Nxb2
0-1

[Event "Batman and Robin Memorial"]
[Site "SchemingMind.com"]
[Date "2021.03.31"]
[Round "-"]
[White "kenneth m day"]
[Black "Goz"]
[Result "1-0"]
[WhiteCountry "USA"]
[BlackCountry "ENG"]
[WhiteElo "1643"]
[WhiteRD "53"]
[BlackElo "1481"]
[BlackRD "70"]
[GameID "710071"]

1. e4 e5 2. Nf3 d6 3. d4 exd4 4. Nxd4 a6 5. Bc4 c6 6. Nc3 b5 7. Be2 Nf6 8. a3 c5 9. Nf3 Be7 10. Bf4 Bb7
11. Qd3 O-O 12. Rd1 Qb6 13. Qe3 Ng4 14. Qd2 b4 15. axb4 cxb4 16. Nd5 Bxd5 17. Nd4 Nxf2 18. Kxf2 Bxe4 19. Be3 Qb7 20. Bf3 Bxf3
21. gxf3 d5 22. Nf5 Bf6 23. Bd4 Bxd4+ 24. Qxd4 f6 25. Rhe1 b3 26. c3 Kh8 27. Re7 Qc6 28. Rxg7 Nd7 29. Qh4 Qc5+ 30. Rd4
1-0

[Event "Batman and Robin Memorial"]
[Site "SchemingMind.com"]
[Date "2021.03.31"]
[Round "-"]
[White "kenneth m day"]
[Black "Chessibelle"]
[Result "1-0"]
[WhiteCountry "USA"]
[BlackCountry "ENG"]
[WhiteElo "1663"]
[WhiteRD "57"]
[BlackElo "1109"]
[BlackRD "59"]
[GameID "710072"]

1. e4 e5 2. Nf3 d6 3. d4 Nc6 4. Bb5 Bd7 5. Nc3 g6 6. dxe5 dxe5 7. O-O Be7 8. Be3 Nf6 9. h3 O-O 10. Be2 b6
11. Qd2 Bd6 12. Bg5 a5 13. Nd5 Rb8 14. Nxf6+ Kh8 15. Nxd7 Qxd7 16. Bf6+ Kg8 17. Qh6
1-0

[Event "Batman and Robin Memorial"]
[Site "SchemingMind.com"]
[Date "2021.03.31"]
[Round "-"]
[White "Chessibelle"]
[Black "kenneth m day"]
[Result "0-1"]
[WhiteCountry "ENG"]
[BlackCountry "USA"]
[WhiteElo "1109"]
[WhiteRD "59"]
[BlackElo "1663"]
[BlackRD "57"]
[GameID "710073"]

1. Nf3 Nf6 2. d4 g6 3. h3 d6 4. e3 Bg7 5. Be2 O-O 6. O-O Bf5 7. a3 Nbd7 8. Nc3 c5 9. Nb1 Rc8 10. Nc3 cxd4
11. Nxd4 Be4 12. f3 Bc6 13. b4 b6 14. g4 Ne5 15. Qe1 Bb7 16. Bd1 Nd5 17. Nce2 f5 18. Ne6 Qe8 19. Nxg7 Kxg7 20. Ng3 fxg4
21. fxg4 Qc6 22. Ra2 Nc3 23. Rb2 Qg2#
0-1

[Event "Batman and Robin Memorial"]
[Site "SchemingMind.com"]
[Date "2021.04.01"]
[Round "-"]
[White "kenneth m day"]
[Black "MrTowPath"]
[Result "0-1"]
[WhiteCountry "USA"]
[BlackCountry "ENG"]
[WhiteElo "1658"]
[WhiteRD "54"]
[BlackElo "2172"]
[BlackRD "130"]
[GameID "710074"]

1. e4 e6 2. d4 d5 3. Nd2 c5 4. Ngf3 Nc6 5. Bb5 cxd4 6. Nxd4 Bd7 7. Nxc6 Bxc6 8. Bd3 Nf6 9. e5 Nd7 10. Nf3 Nc5
11. Be2 Be7 12. O-O O-O 13. Be3 Qc7 14. Qd2 Rfd8 15. Qc3 Ne4 16. Qd3 a6 17. Rac1 b5 18. Bd4 Bb7 19. Qe3 Rdc8 20. c3 Qd7
21. Rfd1 a5 22. Nd2 Nc5 23. a3 a4 24. f4 Ba6 25. Qh3 g6 26. Rf1 Kg7 27. Be3 h5 28. Rf3 b4 29. Bxa6 Nxa6 30. Rg3 bxa3
31. bxa3 Bxa3 32. Rc2 Nb4 33. cxb4 Rxc2 34. Qxh5 d4 35. Qg5 dxe3 36. Qf6+ Kg8 37. Rh3 Rc1+ 38. Nf1 Rxf1+
0-1

[Event "Batman and Robin Memorial"]
[Site "SchemingMind.com"]
[Date "2021.04.02"]
[Round "-"]
[White "MrTowPath"]
[Black "kenneth m day"]
[Result "1-0"]
[WhiteCountry "ENG"]
[BlackCountry "USA"]
[WhiteElo "2177"]
[WhiteRD "132"]
[BlackElo "1690"]
[BlackRD "51"]
[GameID "710075"]

1. c4 g6 2. e4 Bg7 3. d4 d6 4. Nc3 Nf6 5. Nf3 O-O 6. Be2 e5 7. d5 c6 8. O-O Bg4 9. h3 Bd7 10. Bg5 h6
11. Be3 Na6 12. Nd2 Nc5 13. b4 Na6 14. a3 Nc7 15. Nb3 cxd5 16. cxd5 Nfe8 17. Qd2 f5 18. f3 fxe4 19. fxe4 Kh7 20. Na5 Qc8
21. Rxf8 Bxf8 22. Rf1 Bg7 23. Rf7 Kg8 24. Rxd7 Qxd7 25. Bg4 Qe7 26. Nxb7 Kh7 27. Na5 Nf6 28. Nc6 Qf8 29. Be2 a6 30. Qc2 Nh5
31. a4 Nf6 32. b5 axb5 33. Nxb5 Nxb5 34. Bxb5 Nd7 35. a5 Qc8 36. Qa4 Qb7 37. a6 Qc8 38. Qa5 Nf6 39. a7 Nxe4 40. Ba6 Qf5
41. Bb7 Re8 42. a8=Q Rxa8 43. Bxa8 Ng3 44. Qa2 Qf1+ 45. Kh2 Ne2 46. Bb7 e4 47. Ba6 Be5+ 48. Nxe5
1-0

[Event "Batman and Robin Memorial"]
[Site "SchemingMind.com"]
[Date "2021.03.31"]
[Round "-"]
[White "kenneth m day"]
[Black "David Connolly"]
[Result "0-1"]
[WhiteCountry "USA"]
[BlackCountry "WLS"]
[WhiteElo "1658"]
[WhiteRD "54"]
[BlackElo "2037"]
[BlackRD "71"]
[GameID "710076"]

1. e4 c5 2. d4 cxd4 3. c3 dxc3 4. Nxc3 Nc6 5. Nf3 e6 6. Bc4 a6 7. Bb3 Be7 8. O-O d6 9. Qe2 Bd7 10. Rd1 Rc8
11. Be3 Nf6 12. Bg5 O-O 13. Bc2 Qc7 14. Rac1 Qb8 15. Qe3 b5 16. Bd3 h6 17. Bh4 Rfd8 18. e5 dxe5 19. Bg3 Bd6 20. Be2 Be8
21. Ne4 Nxe4 22. Qxe4 f5 23. Qb1 Bg6 24. Bh4 Ne7 25. h3 Rxc1 26. Qxc1 Rc8 27. Qd2 Nd5 28. Bg3 f4 29. Bh2 Bb4 30. Qc1 Rxc1
31. Rxc1 Qd6 32. Rc8+ Kf7 33. Nh4 Bh7
0-1

[Event "Batman and Robin Memorial"]
[Site "SchemingMind.com"]
[Date "2021.03.31"]
[Round "-"]
[White "David Connolly"]
[Black "kenneth m day"]
[Result "1-0"]
[WhiteCountry "WLS"]
[BlackCountry "USA"]
[WhiteElo "1983"]
[WhiteRD "64"]
[BlackElo "1643"]
[BlackRD "53"]
[GameID "710077"]

1. d4 Nf6 2. c4 g6 3. Nc3 Bg7 4. e4 d6 5. Nf3 O-O 6. Be2 Nbd7 7. O-O b6 8. Re1 Bb7 9. Bf1 e5 10. d5 Nc5
11. b4 Ncd7 12. Be3 c6 13. Qd2 cxd5 14. cxd5 Ne8 15. a4 f5 16. Bh6 Nef6 17. Bxg7 Kxg7 18. Ng5 Re8 19. Ne6+ Rxe6 20. dxe6 Nf8
21. exf5 gxf5 22. Rad1 Nxe6 23. Qxd6 Qxd6 24. Rxd6 Rd8 25. Rxe6 Rd7 26. R6xe5
1-0

[Event "Batman and Robin Memorial"]
[Site "SchemingMind.com"]
[Date "2021.04.06"]
[Round "-"]
[White "Goz"]
[Black "ray winteringham"]
[Result "1/2-1/2"]
[WhiteCountry "ENG"]
[BlackCountry "ENG"]
[WhiteElo "1481"]
[WhiteRD "70"]
[BlackElo "1463"]
[BlackRD "49"]
[GameID "710303"]

1. d4 d5 2. e3 Nf6 3. h3 e6 4. c3 Bd7 5. Nf3 Bd6 6. Bd3 c5 7. b3 a6 8. O-O b5 9. c4 Nc6 10. cxb5 axb5
11. Bxb5 Qb6 12. a4 O-O 13. Bxc6 Qxc6 14. Nc3 h6 15. Nb5 Ne4 16. Bb2 c4 17. Nc3 Nxc3 18. Bxc3 cxb3 19. Qxb3 Rxa4 20. Rxa4 Qxa4
21. Qb2 Rb8 22. Qd2 Qa6 23. Ra1 Qc8 24. Ne5 Bxe5 25. dxe5 Qc7 26. f4 Rc8 27. Rc1 g6 28. Bb2 Qb7 29. Bd4 h5 30. g4 hxg4
31. hxg4 Qb3 32. Rxc8+ Bxc8 33. Kf2 Ba6 34. Kg3 Bc4 35. g5 Qd3 36. Qa5 Qb1 37. Qd8+ Kg7 38. Qf6+ Kg8 39. Qd8+= Kg7 40. Qf6+ Kg8=
1/2-1/2

[Event "Batman and Robin Memorial"]
[Site "SchemingMind.com"]
[Date "2021.04.05"]
[Round "-"]
[White "ray winteringham"]
[Black "Goz"]
[Result "0-1"]
[WhiteCountry "ENG"]
[BlackCountry "ENG"]
[WhiteElo "1452"]
[WhiteRD "51"]
[BlackElo "1486"]
[BlackRD "72"]
[GameID "710304"]

1. e4 c5 2. Nf3 d6 3. Bc4 e6 4. O-O Nf6 5. d3 Be7 6. Bd2 O-O 7. Nc3 a6 8. a4 Nc6 9. Ne2 e5 10. h3 Bd7
11. Nh2 Nd4 12. Nxd4 cxd4 13. f4 Bc6 14. fxe5 dxe5 15. c3 b5 16. Bb3 Qd7 17. axb5 axb5 18. Nf3 h6 19. Nxe5 Qe8 20. cxd4 Bb7
21. Qe1 Rxa1 22. Qxa1 Bc8 23. Nf3 Nh5 24. Qa2 Bd6 25. Nh4 Be6 26. g4 Ng3 27. Rf3 Ne2+ 28. Kf2 Nxd4 29. Ng6 Bxb3 30. Qa6 Nxf3
31. Nxf8 Qxf8 32. Kxf3 Qb8 33. Bc3 f6 34. d4 b4 35. Bd2 Bd1+ 36. Ke3 Bf4+ 37. Kd3 Bxd2 38. Kxd2 Bf3 39. Qc4+ Kh7 40. e5 fxe5
41. dxe5 Qxe5 42. Qd3+ Be4 43. Qe3 Qxb2+ 44. Ke1 Qb1+ 45. Kd2 b3
0-1

[Event "Batman and Robin Memorial"]
[Site "SchemingMind.com"]
[Date "2021.04.05"]
[Round "-"]
[White "kenneth m day"]
[Black "ray winteringham"]
[Result "1-0"]
[WhiteCountry "USA"]
[BlackCountry "ENG"]
[WhiteElo "1643"]
[WhiteRD "53"]
[BlackElo "1463"]
[BlackRD "49"]
[GameID "710305"]

1. e4 g6 2. d4 Bg7 3. Nc3 e5 4. Nf3 d6 5. dxe5 Bg4 6. Be2 Bxf3 7. Bxf3 Bxe5 8. Bd2 Ne7 9. Qe2 O-O 10. O-O-O a6
11. Bh6 Re8 12. Qe3 Nd7 13. h4 f5 14. exf5 Nxf5 15. Qe4 Bxc3 16. Qc4+ Kh8 17. Qxc3+ Ne5 18. Bg5 Qb8 19. Bd5 c6 20. Bc4 d5
21. Be2 Kg8 22. f4 Nf7 23. Bd3 Nxg5 24. fxg5 Ne3 25. Rd2 Qf4 26. Be2 Nxg2 27. Qf3 Re7 28. Qxg2 Rae8 29. Rf1 Qxh4 30. Rh1 Qe4
31. Qxe4 Rxe4 32. Bd1 R8e5 33. Rdh2 h5 34. Bf3 Rf4 35. Bxh5 Rxg5 36. Bd1 Rf7 37. Rh8+ Kg7 38. R8h7+ Kf6 39. Rxf7+ Kxf7 40. Rh7+ Kf6
41. Rxb7
1-0

[Event "Batman and Robin Memorial"]
[Site "SchemingMind.com"]
[Date "2021.04.05"]
[Round "-"]
[White "ray winteringham"]
[Black "kenneth m day"]
[Result "0-1"]
[WhiteCountry "ENG"]
[BlackCountry "USA"]
[WhiteElo "1463"]
[WhiteRD "49"]
[BlackElo "1643"]
[BlackRD "53"]
[GameID "710306"]

1. e4 e5 2. Bc4 Nf6 3. Nf3 Nc6 4. d3 Bc5 5. Bg5 O-O 6. Nc3 h6 7. Bh4 Be7 8. Qd2 d6 9. h3 Bd7 10. O-O-O a6
11. a3 b5 12. Bb3 Qb8 13. Na2 a5 14. Nc3 b4 15. axb4 Nxb4 16. Qe3 a4 17. Ba2 Nxa2+ 18. Nxa2 Be6 19. c4 Qb3 20. Kb1 a3
21. Qd2 Rfb8 22. Qc3 Qxb2+ 23. Qxb2 Rxb2+ 24. Ka1 g5 25. Bg3 Rab8 26. Nd2 Rc2 27. f3 Rbb2 28. Nc1 Rxd2 29. Rxd2 Rxd2 30. Rg1 Nd7
31. Nb3 Rxd3 32. Nc1 Rd2 33. Nb3 Rc2
0-1

[Event "Batman and Robin Memorial"]
[Site "SchemingMind.com"]
[Date "2021.04.05"]
[Round "-"]
[White "ray winteringham"]
[Black "Chessibelle"]
[Result "1-0"]
[WhiteCountry "ENG"]
[BlackCountry "ENG"]
[WhiteElo "1467"]
[WhiteRD "51"]
[BlackElo "1109"]
[BlackRD "59"]
[GameID "710307"]

1. e4 e5 2. Bc4 h6 3. Bxf7+ Kxf7 4. Qh5+ g6 5. Qxe5 Bd6 6. Qxh8 Be7 7. Qd4 Nc6 8. Qe3 d6 9. Nf3 Bf6 10. Nc3 Be6
11. O-O g5 12. d3 Nb4 13. Qd2 a5 14. a3 Nc6 15. Qe3 b6 16. Ne2 d5 17. c3 Be7 18. h3 Bd6 19. b3 Ke7 20. Ng3 Kd7
21. Re1 Qf8 22. c4 Bc5 23. d4 Be7 24. exd5 Bf7 25. dxc6+ Ke8 26. Nf5 Kd8 27. Bb2 Bh5 28. Ne5 Qxf5 29. g4 Qc2 30. Re2 Qh7
31. gxh5 Nf6 32. Ng6 Bd6 33. Qe8+ Nxe8 34. Rae1 Rc8 35. Rxe8#
1-0

[Event "Batman and Robin Memorial"]
[Site "SchemingMind.com"]
[Date "2021.04.05"]
[Round "-"]
[White "Chessibelle"]
[Black "ray winteringham"]
[Result "0-1"]
[WhiteCountry "ENG"]
[BlackCountry "ENG"]
[WhiteElo "1109"]
[WhiteRD "59"]
[BlackElo "1467"]
[BlackRD "51"]
[GameID "710308"]

1. Nf3 d5 2. d4 e6 3. Bg5 Be7 4. Bd2 h6 5. e3 Bd7 6. g3 Nf6 7. Be2 c5 8. O-O c4 9. Nc3 Nc6 10. b3 a6
11. Nh4 Qc7 12. f4 b5 13. a4 b4 14. Na2 c3 15. Be1 a5 16. Nf3 Ne4 17. Nc1 O-O 18. Nd3 e5 19. dxe5 Bh3 20. Bf2 Bxf1
21. Qxf1 Qd7 22. h3 f6 23. g4 f5 24. Nh2 Rf7 25. Ne1 Bc5 26. Nd3 Bb6 27. Nf3 d4 28. Nh2 dxe3 29. Be1 Nd4 30. Bd1 fxg4
31. Bxg4 Qe7 32. Qg2 Qb7 33. Bh5 Rxf4 34. Nxf4 Rf8 35. Ng6 Nxc2 36. Rc1 e2+ 37. Bf2 Bxf2+ 38. Kh1 Ng3#
0-1

[Event "Batman and Robin Memorial"]
[Site "SchemingMind.com"]
[Date "2021.04.06"]
[Round "-"]
[White "ray winteringham"]
[Black "MrTowPath"]
[Result "0-1"]
[WhiteCountry "ENG"]
[BlackCountry "ENG"]
[WhiteElo "1467"]
[WhiteRD "51"]
[BlackElo "1914"]
[BlackRD "151"]
[GameID "710309"]

1. e4 c6 2. Bc4 d5 3. exd5 cxd5 4. Bb3 Nc6 5. d3 Nf6 6. h3 e6 7. Nf3 Be7 8. Bf4 O-O 9. Nbd2 Bd6 10. Bxd6 Qxd6
11. Qe2 b5 12. a3 Bb7 13. O-O-O a5 14. Nb1 a4 15. Ba2 b4 16. Kd2 bxa3 17. Nxa3 Qb4+ 18. Kc1 Ba6 19. c3 Qb6 20. Qc2 Nb4
21. Qxa4 Nxa2+ 22. Kc2 Bxd3+ 23. Rxd3 Rxa4
0-1

[Event "Batman and Robin Memorial"]
[Site "SchemingMind.com"]
[Date "2021.04.07"]
[Round "-"]
[White "MrTowPath"]
[Black "ray winteringham"]
[Result "1-0"]
[WhiteCountry "ENG"]
[BlackCountry "ENG"]
[WhiteElo "1914"]
[WhiteRD "151"]
[BlackElo "1467"]
[BlackRD "51"]
[GameID "710310"]

1. c4 b5 2. cxb5 d5 3. Nf3 Bb7 4. d4 e6 5. Bf4 Bd6 6. Bxd6 cxd6 7. Nc3 Nf6 8. e3 O-O 9. Bd3 Nbd7 10. O-O e5
11. Be2 e4 12. Nd2 h6 13. b4 Nb6 14. Qb3 Nh7 15. a4 Nd7 16. Nxd5 f5 17. Ne7+ Kh8 18. Ng6#
1-0

[Event "Batman and Robin Memorial"]
[Site "SchemingMind.com"]
[Date "2021.04.05"]
[Round "-"]
[White "ray winteringham"]
[Black "David Connolly"]
[Result "0-1"]
[WhiteCountry "ENG"]
[BlackCountry "WLS"]
[WhiteElo "1467"]
[WhiteRD "51"]
[BlackElo "2024"]
[BlackRD "68"]
[GameID "710311"]

1. e4 d5 2. exd5 Nf6 3. Bc4 Nxd5 4. Nc3 c6 5. Nf3 Bg4 6. h3 Bh5 7. g4 Bg6 8. d3 e6 9. a3 Nd7 10. Bg5 Qc7
11. Qd2 Bd6 12. O-O-O h6 13. Be3 Nxe3 14. fxe3 O-O-O 15. Kb1 Kb8 16. e4 Ne5 17. Nxe5 Bxe5 18. Qe1 Rd7 19. Ne2 Rhd8 20. Bb3 Bxe4
21. Nc3 Bxh1 22. Qxh1 Bxc3 23. bxc3 Ka8 24. Qf3 Qd6 25. Kb2 Qe7 26. c4 e5 27. Re1 Qc5 28. Re3 f6 29. c3 a6 30. Bc2 Qb6+
31. Bb3 a5 32. Ka2 Qc5 33. Re4 Rxd3 34. Qf5 Rd2+ 35. Kb1 Qxa3
0-1